Contabilidad de industria extractivas (Registro nro. 2136)

Detalles MARC
000 -LEADER
fixed length control field 01273 a2200193 4500
001 - CONTROL NUMBER
control field 30891
005 - DATE AND TIME OF LATEST TRANSACTION
control field 20260407155617.0
008 - FIXED-LENGTH DATA ELEMENTS--GENERAL INFORMATION
fixed length control field 260407a1952 arg spa d
003 - CONTROL NUMBER IDENTIFIER
control field AR-UNSa-BCEJYS
040 ## - CATALOGING SOURCE
Original cataloging agency AR-UNSa-BCEJYS
Language of cataloging spa
Transcribing agency AR-UNSa-BCEJYS
080 ## - UNIVERSAL DECIMAL CLASSIFICATION NUMBER
Universal Decimal Classification number 657
Common auxiliary subdivision Contabilidad
100 1# - MAIN ENTRY--PERSONAL NAME
Personal name Ochoa Ravize, Alfonso
245 10 - TITLE STATEMENT
Title Contabilidad de industria extractivas
264 #1 - PRODUCTION, PUBLICATION, DISTRIBUTION, MANUFACTURE, AND COPYRIGHT NOTICE
Place of production, publication, distribution, manufacture México :
Name of producer, publisher, distributor, manufacturer Unión Tipográfica Editorial Hispano-Americana (UTEHA)
Date of production, publication, distribution, manufacture, or copyright notice 1952
300 ## - PHYSICAL DESCRIPTION
Extent 252 p.
Dimensions 23 cm.
505 ## - FORMATTED CONTENTS NOTE
Formatted contents note Parte I: Industria minera: 1. Breve reseña histórica - 2. Generalidades sobre el funcionamiento de estos negocios - 3. Aspectos contables de la industria minera - 4. Contabilidad de costos - 5. Contabilidad metalúrgica - 6. Estados financieros -- Parte II: Industria petrolera: 1. Breve reseña histórica - 2. Generalidades sobre el funcionamiento de esta industria - 3. Aspectos contables de la industria petrolera - 4. Contabilidad de costos - 5. Contabilidad de aceites - 6. Estados financieros -- Parte III: Industria ganadera: 1. Generalidades - 2. Aspectos contables de la industria ganadera - 3. Manejo y aplicación de los elementos del costo - 4. Contabilidad de especies - 5. Estados financieros
590 ## - LOCAL NOTE (RLIN)
Local note niveau_biblio:m niveau_hierar:0
942 ## - ADDED ENTRY ELEMENTS (KOHA)
Koha item type
Existencias
Withdrawn status Lost status Damaged status Not for loan Home library Current library Shelving location Date acquired Total checkouts Full call number Barcode Date last seen Price effective from Koha item type
        Biblioteca Prof. Eusebio Cleto del Rey Biblioteca Prof. Eusebio Cleto del Rey   07/04/2026   657 O17 L25574 07/04/2026 07/04/2026 Libro